000 01364nam a2200313 i 4500
003 DO-SdBNP
005 20230817131219.0
007 ta
008 100416s1995 dr 000 0 spa d
040 _aDO-SdBNP
_bspa
_cBNPHU
082 4 _a460.7
_bH577c, 1995
_222
100 1 _a Hernández, Cristina
_99598
245 1 0 _aCurso superior de lengua española básica /
_cSonia Medrano, Cristina Hernández ; edición Isidro de los Santos.
264 1 _aSanto Domingo :
_bUASD,
_c1995.
300 _a122 pàginas
_c21 cm.
490 1 _aPublicaciones de la Universidad Autónoma de Santo Domingo
_v742
_aLingüística y sociedad
_v7
500 _aGuía práctica para el uso adecuado de la lengua española, orientada hacia la formación del pensamiento y el logro de una comunicación eficaz.- En portada
504 _aBibliografía : p. 118-119
590 _aInventariado, 2023/ YL
650 4 _aEspañol
_xEnseñanza
_9406
650 4 _aEspañol
_xGramática
_93475
650 4 _aOrtografía
_xEnseñanza
_99599
700 1 _aMedrano, Sonia
_99598
_eAutora.
700 1 _aSanto, Isidro de los,
_eEdición
_939318
710 2 _aUniversidad Autónoma de Santo Domingo
830 _aPublicaciones de la Universidad Autónoma de Santo Domingo ; 742
_pLingüística y sociedad ;
_n7
_983948
910 _aYLockward/Validado. Control de calidad MFF
942 _2ddc
_cLBS1
999 _c54356
_d54356